| 000 | 00534nam a2200169 i 4500 | ||
|---|---|---|---|
| 001 | 29180 | ||
| 003 | ES-MaACL | ||
| 005 | 20230906154003.0 | ||
| 007 | t| | ||
| 008 | 030121s1958 fr ||||1| fre d | ||
| 100 | 1 |
_aBarbier, P. _925460 |
|
| 245 | 1 | 0 |
_aProgrés technique et organisation du travail bases du progrés social / _cpar P. Barbier ; préface de J. Fourastié. |
| 260 |
_aParís : _bDunod, _c1958 ( _fLebois) |
||
| 300 |
_aXII, 271 p. ; _c22 cm. |
||
| 700 | 1 |
_aFourastié, J. _951954 |
|
| 852 |
_aES-MaACL _jC-17467 _bR.45102 |
||
| 999 |
_c29180 _d29180 |
||